000
00199 a2200097 4500
020
_a
9789992474143
041
_a
spa
100
_a
Granados,Ruiz Maritza
245
_a
Ciencias naturales 6to
942
_c
BK
999
_c
1191
_d
1191